[Event "Bundesliga 9596"]
[Site "Deutschland"]
[Date "1995.??.??"]
[Round "?.7"]
[White "Andresen, Steffen"]
[Black "Schlemermeyer, Wilhelm"]
[Result "1-0"]
[WhiteElo "2385"]
[BlackElo "2345"]
[PlyCount "104"]
[EventDate "1995.10.??"]
[EventType "team"]
[EventRounds "15"]
[EventCountry "GER"]
[SourceTitle "Bundesliga 9596"]
[Source "DeepChess"]
[SourceDate "2005.01.01"]
[SourceVersion "1"]
[SourceVersionDate "2005.01.01"]
[SourceQuality "1"]
[WhiteTeam "Dresdner SC 1898"]
[BlackTeam "Delmenhorster SK 1931"]
[WhiteTeamCountry "GER"]
[BlackTeamCountry "GER"]

1. c4 e6 2. Nc3 b6 3. e4 Bb7 4. Nf3 Bb4 5. Bd3 Na6 6. Bc2 Nc5 7. Qe2 d6 8. d4
Bxc3+ 9. bxc3 Nd7 10. O-O Ne7 11. h4 Ba6 12. Bd3 e5 13. h5 Nc6 14. Bg5 f6 15.
Be3 Qe7 16. Nh4 Qf7 17. Nf5 Ne7 18. Ng3 g5 19. a4 O-O 20. a5 Kh8 21. Ra4 Nc6
22. axb6 axb6 23. Rfa1 Bb7 24. Rxa8 Rxa8 25. Rxa8+ Bxa8 26. Nf5 Bb7 27. Qg4 Bc8
28. Qf3 Na5 29. Nh6 Qf8 30. Ng4 h6 31. Kh2 Kg7 32. Bc1 Nb3 33. Bb2 Qf7 34. Ne3
Nf8 35. g3 Na5 36. Kg2 Kh7 37. Qd1 Ne6 38. Be2 Ng7 39. c5 Bb7 40. cxb6 cxb6 41.
d5 Bc8 42. Ba3 Qc7 43. Bg4 Nb7 44. Bxc8 Qxc8 45. Qf3 Qd8 46. Nc4 Qc7 47. Ne3
Qf7 48. g4 Qe7 49. Qe2 Qc7 50. Qb5 Qxc3 51. Qd7 Qd3 52. Qxb7 Qxe4+ 1-0

[Event "Bundesliga 9596"]
[Site "Deutschland"]
[Date "1995.??.??"]
[Round "?.8"]
[White "Wesseln, Kai"]
[Black "Heinatz, Thomas"]
[Result "0-1"]
[WhiteElo "2365"]
[BlackElo "2345"]
[PlyCount "64"]
[EventDate "1995.10.??"]
[EventType "team"]
[EventRounds "15"]
[EventCountry "GER"]
[SourceTitle "Bundesliga 9596"]
[Source "DeepChess"]
[SourceDate "2005.01.01"]
[SourceVersion "1"]
[SourceVersionDate "2005.01.01"]
[SourceQuality "1"]
[WhiteTeam "Delmenhorster SK 1931"]
[BlackTeam "Dresdner SC 1898"]
[WhiteTeamCountry "GER"]
[BlackTeamCountry "GER"]

1. d4 d6 2. c4 e5 3. Nc3 Nd7 4. e4 exd4 5. Qxd4 Ngf6 6. f3 c6 7. Be3 Be7 8.
Nge2 O-O 9. Ng3 g6 10. Be2 Re8 11. O-O Bf8 12. Rad1 a6 13. Kh1 b5 14. Bf4 b4
15. Na4 Qa5 16. b3 c5 17. Qd2 Re6 18. Qc2 Bb7 19. Bd3 Rae8 20. Ne2 Ne5 21. Be3
Nh5 22. Kg1 f5 23. Bc1 Nxd3 24. Qxd3 fxe4 25. fxe4 Bxe4 26. Qh3 Qc7 27. Nf4
Nxf4 28. Bxf4 Bg7 29. Qg3 Be5 30. Bxe5 Rxe5 31. Nb2 Qe7 32. Nd3 Rg5 0-1

[Event "Bundesliga 9596"]
[Site "Deutschland"]
[Date "1996.??.??"]
[Round "?.1"]
[White "Wahls, Matthias"]
[Black "Rogers, Ian"]
[Result "0-1"]
[WhiteElo "2555"]
[BlackElo "2580"]
[PlyCount "60"]
[EventDate "1995.10.??"]
[EventType "team"]
[EventRounds "15"]
[EventCountry "GER"]
[SourceTitle "Bundesliga 9596"]
[Source "DeepChess"]
[SourceDate "2005.01.01"]
[SourceVersion "1"]
[SourceVersionDate "2005.01.01"]
[SourceQuality "1"]
[WhiteTeam "Hamburger SK 1830 e.V."]
[BlackTeam "Delmenhorster SK 1931"]
[WhiteTeamCountry "GER"]
[BlackTeamCountry "GER"]

1. e4 c6 2. d4 d5 3. e5 Bf5 4. Nf3 e6 5. Be2 Nd7 6. O-O Bg6 7. b3 Nh6 8. c4 Nf5
9. Nc3 Bb4 10. Bb2 O-O 11. a3 Be7 12. cxd5 cxd5 13. g4 Nh6 14. Ne1 f6 15. exf6
gxf6 16. h4 f5 17. g5 Bxg5 18. hxg5 Qxg5+ 19. Ng2 f4 20. Qd2 Rf7 21. a4 Kh8 22.
f3 Rg8 23. Rf2 Bh5 24. Bd3 Qh4 25. Re1 Qh3 26. Qe2 Rxg2+ 27. Rxg2 Bxf3 28. Qxf3
Qxf3 29. Bb5 Nf8 30. Nd1 Rg7 0-1

[Event "Bundesliga 9596"]
[Site "Deutschland"]
[Date "1996.??.??"]
[Round "?.2"]
[White "Stohl, Igor"]
[Black "Ftacnik, Lubomir"]
[Result "1/2-1/2"]
[WhiteElo "2515"]
[BlackElo "2585"]
[PlyCount "99"]
[EventDate "1995.10.??"]
[EventType "team"]
[EventRounds "15"]
[EventCountry "GER"]
[SourceTitle "Bundesliga 9596"]
[Source "DeepChess"]
[SourceDate "2005.01.01"]
[SourceVersion "1"]
[SourceVersionDate "2005.01.01"]
[SourceQuality "1"]
[WhiteTeam "Delmenhorster SK 1931"]
[BlackTeam "Hamburger SK 1830 e.V."]
[WhiteTeamCountry "GER"]
[BlackTeamCountry "GER"]

1. d4 Nf6 2. c4 g6 3. g3 Bg7 4. Bg2 d5 5. cxd5 Nxd5 6. e4 Nb6 7. Ne2 c5 8. d5
e6 9. O-O O-O 10. Nec3 Na6 11. a4 exd5 12. exd5 Bf5 13. Na3 Nb4 14. Be3 Rc8 15.
d6 Bd3 16. a5 Nd7 17. Bxb7 Rb8 18. a6 Qb6 19. Re1 Nxa6 20. Qxd3 Qxb7 21. Nc4
Nb4 22. Qd2 Nc6 23. Qd5 Nb6 24. Nxb6 axb6 25. Bg5 Nd4 26. Qxb7 Rxb7 27. Re7
Rbb8 28. Kg2 h6 29. Bf4 g5 30. Be5 Nf5 31. Bxg7 Kxg7 32. Rd7 Rfd8 33. Rxd8 Rxd8
34. Ra6 Rxd6 35. Na4 Rd2 36. Rxb6 Ne3+ 37. Kf3 Nd1 38. Nxc5 Rxf2+ 39. Ke4 Nxb2
40. h4 gxh4 41. gxh4 Rh2 42. Kd5 Nd1 43. Rb4 Ne3+ 44. Ke5 Kg6 45. Nd3 Ng2 46.
Rg4+ Kh5 47. Rxg2 Rxg2 48. Nf4+ Kxh4 49. Nxg2+ Kg5 50. Ke4 1/2-1/2

[Event "Bundesliga 9596"]
[Site "Deutschland"]
[Date "1996.??.??"]
[Round "?.3"]
[White "Movsziszian, Karen"]
[Black "Beckemeier, Werner"]
[Result "1-0"]
[WhiteElo "2450"]
[BlackElo "2375"]
[PlyCount "83"]
[EventDate "1995.10.??"]
[EventType "team"]
[EventRounds "15"]
[EventCountry "GER"]
[SourceTitle "Bundesliga 9596"]
[Source "DeepChess"]
[SourceDate "2005.01.01"]
[SourceVersion "1"]
[SourceVersionDate "2005.01.01"]
[SourceQuality "1"]
[WhiteTeam "Hamburger SK 1830 e.V."]
[BlackTeam "Delmenhorster SK 1931"]
[WhiteTeamCountry "GER"]
[BlackTeamCountry "GER"]

1. d4 Nf6 2. c4 d6 3. Nc3 Nbd7 4. e4 e5 5. Nf3 g6 6. g3 Bg7 7. Bg2 O-O 8. O-O
c6 9. h3 exd4 10. Nxd4 Qb6 11. Re1 Ne8 12. Nb3 a5 13. Be3 Qc7 14. Nd4 Nc5 15.
Qd2 a4 16. Rad1 Qa5 17. Bh6 Bxh6 18. Qxh6 f6 19. Qd2 Ne6 20. Nc2 Qh5 21. f4 g5
22. e5 dxe5 23. f5 N6c7 24. g4 Qh4 25. c5 h5 26. Re4 Rf7 27. Qf2 Qxf2+ 28. Kxf2
Nd5 29. Nxd5 cxd5 30. Rb4 Nc7 31. Bxd5 Nxd5 32. Rxd5 hxg4 33. hxg4 Rc7 34. Rb6
Ra6 35. Nb4 Rxb6 36. cxb6 Rc4 37. Rd8+ Kf7 38. Nd5 Rc6 39. Ke3 Rc2 40. Nc7 Rxb2
41. Rxc8 Rxb6 42. Nd5 1-0

[Event "Bundesliga 9596"]
[Site "Deutschland"]
[Date "1996.??.??"]
[Round "?.4"]
[White "Reefschlaeger, Helmut"]
[Black "Mueller, Karsten"]
[Result "1/2-1/2"]
[WhiteElo "2350"]
[BlackElo "2485"]
[PlyCount "112"]
[EventDate "1995.10.??"]
[EventType "team"]
[EventRounds "15"]
[EventCountry "GER"]
[SourceTitle "Bundesliga 9596"]
[Source "DeepChess"]
[SourceDate "2005.01.01"]
[SourceVersion "1"]
[SourceVersionDate "2005.01.01"]
[SourceQuality "1"]
[WhiteTeam "Delmenhorster SK 1931"]
[BlackTeam "Hamburger SK 1830 e.V."]
[WhiteTeamCountry "GER"]
[BlackTeamCountry "GER"]

1. d4 d5 2. c4 c6 3. Nc3 e6 4. e4 dxe4 5. Nxe4 Bb4+ 6. Bd2 Qxd4 7. Bxb4 Qxe4+
8. Ne2 Na6 9. Bf8 Ne7 10. Bxg7 Nb4 11. Qd6 Nd3+ 12. Kd2 Nf5 13. Qxd3 Qxd3+ 14.
Kxd3 Nxg7 15. g3 e5 16. Bg2 Bf5+ 17. Kc3 O-O-O 18. Rad1 Ne6 19. b4 h5 20. h4
Bg4 21. Rxd8+ Rxd8 22. Re1 f6 23. Be4 f5 24. Bc2 e4 25. Nf4 Nxf4 26. gxf4 b6
27. Rb1 Kc7 28. a3 Rd7 29. Re1 a6 30. Rb1 Rd8 31. Re1 c5 32. bxc5 bxc5 33. a4
Rg8 34. Rg1 Kb6 35. Rb1+ Ka5 36. Rb7 Bh3 37. Rc7 Kb6 38. Re7 Rg2 39. Re6+ Kc7
40. Rxa6 Rxf2 41. Re6 Rxf4 42. a5 Rf3+ 43. Kb2 Bf1 44. a6 Bxc4 45. a7 Kb7 46.
Rxe4 fxe4 47. Bxe4+ Kxa7 48. Bxf3 Bf7 49. Kc3 Kb6 50. Be2 Kc6 51. Bf3+ Kd6 52.
Be2 Ke5 53. Bf3 Kf4 54. Bxh5 Bxh5 55. Kc4 Kg4 56. Kxc5 Kxh4 1/2-1/2

[Event "Bundesliga 9596"]
[Site "Deutschland"]
[Date "1996.??.??"]
[Round "?.7"]
[White "Wegner, Hannu"]
[Black "Schlemermeyer, Wilhelm"]
[Result "1-0"]
[WhiteElo "2355"]
[BlackElo "2345"]
[PlyCount "61"]
[EventDate "1995.10.??"]
[EventType "team"]
[EventRounds "15"]
[EventCountry "GER"]
[SourceTitle "Bundesliga 9596"]
[Source "DeepChess"]
[SourceDate "2005.01.01"]
[SourceVersion "1"]
[SourceVersionDate "2005.01.01"]
[SourceQuality "1"]
[WhiteTeam "Hamburger SK 1830 e.V."]
[BlackTeam "Delmenhorster SK 1931"]
[WhiteTeamCountry "GER"]
[BlackTeamCountry "GER"]

1. Nf3 g6 2. d4 Bg7 3. c4 c5 4. e4 cxd4 5. Nxd4 Nc6 6. Nc2 b6 7. Be2 Bb7 8. O-O
Rc8 9. Re1 Nf6 10. Bf1 O-O 11. Nc3 Ne8 12. Qd2 Nd6 13. b3 f5 14. exf5 Nxf5 15.
Bb2 e6 16. Na4 Bxb2 17. Nxb2 Qf6 18. Nd3 g5 19. Rad1 Rf7 20. Ncb4 Nxb4 21. Nxb4
Rcf8 22. Nd3 Nh4 23. Ne5 Qxf2+ 24. Qxf2 Rxf2 25. Nxd7 R8f5 26. g3 Ng2 27. Re2
Rxe2 28. Bxe2 Ne3 29. Rd3 Bc6 30. Nb8 Nxc4 31. Nxc6 1-0

[Event "Bundesliga 9596"]
[Site "Deutschland"]
[Date "1996.??.??"]
[Round "?.8"]
[White "Wesseln, Kai"]
[Black "Sievers, Stefan"]
[Result "0-1"]
[WhiteElo "2355"]
[BlackElo "2375"]
[PlyCount "58"]
[EventDate "1995.10.??"]
[EventType "team"]
[EventRounds "15"]
[EventCountry "GER"]
[SourceTitle "Bundesliga 9596"]
[Source "DeepChess"]
[SourceDate "2005.01.01"]
[SourceVersion "1"]
[SourceVersionDate "2005.01.01"]
[SourceQuality "1"]
[WhiteTeam "Delmenhorster SK 1931"]
[BlackTeam "Hamburger SK 1830 e.V."]
[WhiteTeamCountry "GER"]
[BlackTeamCountry "GER"]

1. c4 c5 2. Nf3 Nf6 3. g3 d5 4. Bg2 g6 5. O-O Bg7 6. cxd5 Nxd5 7. Nc3 Nc6 8.
Nxd5 Qxd5 9. d3 O-O 10. Be3 Bxb2 11. Rb1 Bf6 12. Qa4 Qd6 13. Rfc1 b6 14. Ne5
Bxe5 15. Bxc6 Rb8 16. Bf3 a5 17. Bc6 Be6 18. Bb5 Bd5 19. Bc4 Bc6 20. Bb5 Ba8
21. Bc4 Kg7 22. Bb5 Rfd8 23. f3 Qe6 24. Kf2 Qh3 25. Kg1 Rd5 26. Rc4 Bxg3 27.
Rg4 Qxh2+ 28. Kf1 Qh3+ 29. Kg1 Rh5 0-1

[Event "Bundesliga 9596"]
[Site "Deutschland"]
[Date "1995.??.??"]
[Round "?.1"]
[White "Rogers, Ian"]
[Black "Hertneck, Gerald"]
[Result "1/2-1/2"]
[WhiteElo "2600"]
[BlackElo "2570"]
[PlyCount "88"]
[EventDate "1995.10.??"]
[EventType "team"]
[EventRounds "15"]
[EventCountry "GER"]
[SourceTitle "Bundesliga 9596"]
[Source "DeepChess"]
[SourceDate "2005.01.01"]
[SourceVersion "1"]
[SourceVersionDate "2005.01.01"]
[SourceQuality "1"]
[WhiteTeam "Delmenhorster SK 1931"]
[BlackTeam "Muenchener SC 1836 e.V."]
[WhiteTeamCountry "GER"]
[BlackTeamCountry "GER"]

1. c4 e5 2. b3 g6 3. Bb2 Bg7 4. Nf3 d6 5. e3 c5 6. d3 Nc6 7. Nbd2 Nge7 8. a3 a5
9. Qc2 h6 10. Be2 Be6 11. O-O O-O 12. Rad1 f5 13. d4 cxd4 14. exd4 exd4 15.
Rfe1 Bf7 16. Nf1 Qb6 17. Rd2 Rac8 18. Red1 d5 19. Nxd4 Ne5 20. Nf3 Nxf3+ 21.
Bxf3 dxc4 22. Bxg7 Kxg7 23. bxc4 Rxc4 24. Qb2+ Qxb2 25. Rxb2 Rc7 26. Rdb1 Bd5
27. Bxd5 Nxd5 28. Rxb7 Rff7 29. Rxc7 Rxc7 30. g3 Rc5 31. h4 Kf6 32. Nd2 g5 33.
hxg5+ hxg5 34. Rb8 a4 35. Rf8+ Kg6 36. Rg8+ Kf7 37. Ra8 Nc3 38. Ra6 Ke7 39. Nf3
g4 40. Nd4 Rd5 41. Nc2 Rd6 42. Ra5 Rd5 43. Ra6 Rd6 44. Ra5 Rd5 1/2-1/2

[Event "Bundesliga 9596"]
[Site "Deutschland"]
[Date "1995.??.??"]
[Round "?.2"]
[White "Pezerovic, Edin"]
[Black "Hausner, Ivan"]
[Result "1-0"]
[WhiteElo "2405"]
[BlackElo "2455"]
[PlyCount "117"]
[EventDate "1995.10.??"]
[EventType "team"]
[EventRounds "15"]
[EventCountry "GER"]
[SourceTitle "Bundesliga 9596"]
[Source "DeepChess"]
[SourceDate "2005.01.01"]
[SourceVersion "1"]
[SourceVersionDate "2005.01.01"]
[SourceQuality "1"]
[WhiteTeam "Muenchener SC 1836 e.V."]
[BlackTeam "Delmenhorster SK 1931"]
[WhiteTeamCountry "GER"]
[BlackTeamCountry "GER"]

1. Nf3 Nf6 2. d4 e6 3. Bg5 c5 4. c3 Be7 5. e3 b6 6. Bd3 Bb7 7. Nbd2 Nc6 8. Qe2
h6 9. Bh4 Rc8 10. Rd1 d5 11. O-O Qc7 12. Rfe1 Nh5 13. Bxe7 Qxe7 14. Ne5 Nf6 15.
f4 O-O 16. Kh1 Nd7 17. Nxd7 Qxd7 18. Nf3 Qc7 19. Ne5 f6 20. Ng6 Rfe8 21. Qg4
Rcd8 22. Nh4 f5 23. Qh5 c4 24. Bc2 Qf7 25. Qxf7+ Kxf7 26. Ba4 Rg8 27. Bxc6 Bxc6
28. Nf3 Ba4 29. Rd2 g5 30. fxg5 hxg5 31. g4 Kf6 32. Ne5 Rdf8 33. Rf2 Ke7 34.
Ref1 Rg7 35. gxf5 Rxf5 36. Rxf5 exf5 37. Rxf5 Bc2 38. Rf2 Be4+ 39. Kg1 g4 40.
Rf4 g3 41. h4 b5 42. Nf3 a5 43. Ng5 Bb1 44. a3 b4 45. axb4 axb4 46. cxb4 Ke8
47. Kg2 Rb7 48. Kxg3 Rxb4 49. Rf2 Rb5 50. Kf4 Bg6 51. Rh2 Bh5 52. Ne6 Rb7 53.
Kg5 Re7 54. Nf4 Bf3 55. h5 Rg7+ 56. Ng6 Be4 57. Rf2 Kd7 58. Kh6 Rg8 59. Rf8 1-0

[Event "Bundesliga 9596"]
[Site "Deutschland"]
[Date "1995.??.??"]
[Round "?.3"]
[White "Beckemeier, Werner"]
[Black "Ankerst, Mihael"]
[Result "0-1"]
[WhiteElo "2380"]
[BlackElo "2310"]
[PlyCount "82"]
[EventDate "1995.10.??"]
[EventType "team"]
[EventRounds "15"]
[EventCountry "GER"]
[SourceTitle "Bundesliga 9596"]
[Source "DeepChess"]
[SourceDate "2005.01.01"]
[SourceVersion "1"]
[SourceVersionDate "2005.01.01"]
[SourceQuality "1"]
[WhiteTeam "Delmenhorster SK 1931"]
[BlackTeam "Muenchener SC 1836 e.V."]
[WhiteTeamCountry "GER"]
[BlackTeamCountry "GER"]

1. e4 c5 2. Nf3 e6 3. Nc3 Nc6 4. Bb5 Nge7 5. O-O Ng6 6. Re1 Be7 7. Bxc6 bxc6 8.
d3 O-O 9. Ne2 d6 10. Ng3 f5 11. e5 d5 12. b3 Bd7 13. Qd2 Qc7 14. Bb2 h6 15. Ne2
Rab8 16. Nc3 c4 17. dxc4 dxc4 18. Rad1 Rfd8 19. Qe3 c5 20. Nd2 cxb3 21. cxb3
Bc6 22. Nc4 Rd4 23. Nb5 Bxb5 24. Bxd4 Bxc4 25. bxc4 cxd4 26. Qxd4 Rd8 27. Qe3
Rxd1 28. Rxd1 Qxc4 29. Qxa7 Qe2 30. Rb1 Kh7 31. Qa5 Qc2 32. Rf1 Nh4 33. Qa8 Ng6
34. a4 Nxe5 35. Qa6 Qa2 36. Re1 Ng4 37. Qe2 Qxa4 38. Qxe6 Qf4 39. Qxe7 Qxf2+
40. Kh1 Qf4 41. Kg1 Qd4+ 0-1

[Event "Bundesliga 9596"]
[Site "Deutschland"]
[Date "1995.??.??"]
[Round "?.4"]
[White "Riedel, Wolfgang"]
[Black "Hermann, Manfred"]
[Result "1/2-1/2"]
[WhiteElo "2350"]
[BlackElo "2385"]
[PlyCount "82"]
[EventDate "1995.10.??"]
[EventType "team"]
[EventRounds "15"]
[EventCountry "GER"]
[SourceTitle "Bundesliga 9596"]
[Source "DeepChess"]
[SourceDate "2005.01.01"]
[SourceVersion "1"]
[SourceVersionDate "2005.01.01"]
[SourceQuality "1"]
[WhiteTeam "Muenchener SC 1836 e.V."]
[BlackTeam "Delmenhorster SK 1931"]
[WhiteTeamCountry "GER"]
[BlackTeamCountry "GER"]

1. d4 d5 2. c4 c6 3. Nf3 Nf6 4. Nc3 dxc4 5. a4 Bf5 6. Ne5 Na6 7. f3 Nd7 8. Nxc4
e5 9. e4 exd4 10. Qxd4 Nb4 11. Na3 Be6 12. Be3 Nc5 13. Rd1 Qxd4 14. Rxd4 Nb3
15. Rd1 Bc5 16. Kf2 Ke7 17. Be2 Rhd8 18. f4 f6 19. h4 a5 20. Rxd8 Rxd8 21. Rd1
Rxd1 22. Nxd1 Bxe3+ 23. Kxe3 Nc5 24. Nc3 Na2 25. Nxa2 Bxa2 26. Bc4 Bxc4 27.
Nxc4 Nxa4 28. Nxa5 Nxb2 29. Nxb7 h5 30. Kd4 Nd1 31. Nc5 Nf2 32. e5 fxe5+ 33.
fxe5 g6 34. Ke3 Ng4+ 35. Kf4 Kf7 36. Nd3 Nh6 37. Nc5 Nf5 38. Kg5 Ng7 39. Kh6
Nf5+ 40. Kg5 Ng7 41. Ne4 Nf5 1/2-1/2

[Event "Bundesliga 9596"]
[Site "Deutschland"]
[Date "1995.??.??"]
[Round "?.5"]
[White "Reefschlaeger, Helmut"]
[Black "Geisler, Fabian"]
[Result "1-0"]
[WhiteElo "2370"]
[BlackElo "2330"]
[PlyCount "69"]
[EventDate "1995.10.??"]
[EventType "team"]
[EventRounds "15"]
[EventCountry "GER"]
[SourceTitle "Bundesliga 9596"]
[Source "DeepChess"]
[SourceDate "2005.01.01"]
[SourceVersion "1"]
[SourceVersionDate "2005.01.01"]
[SourceQuality "1"]
[WhiteTeam "Delmenhorster SK 1931"]
[BlackTeam "Muenchener SC 1836 e.V."]
[WhiteTeamCountry "GER"]
[BlackTeamCountry "GER"]

1. e4 c5 2. f4 g6 3. Nf3 Bg7 4. d3 Nc6 5. c3 d6 6. g3 e5 7. Bg2 Nge7 8. O-O O-O
9. Na3 Rb8 10. Nc2 exf4 11. Bxf4 h6 12. d4 g5 13. Be3 f5 14. dxc5 fxe4 15. cxd6
exf3 16. dxe7 Qxe7 17. Rxf3 Rd8 18. Qf1 Ne5 19. Rf2 Ng4 20. Re2 Rf8 21. Qe1
Nxe3 22. Nxe3 Re8 23. Qd2 Be6 24. Rae1 Bxa2 25. c4 b5 26. Kh1 Red8 27. Bd5+ Kh8
28. Nf5 Qf6 29. Nxg7 Qxg7 30. Re7 Bxc4 31. Rxg7 Bxd5+ 32. Kg1 Kxg7 33. Qd4+ Kg6
34. Qxa7 Bf7 35. Rf1 1-0

[Event "Bundesliga 9596"]
[Site "Deutschland"]
[Date "1995.??.??"]
[Round "?.6"]
[White "Reich, Thomas"]
[Black "Borik, Otto"]
[Result "1/2-1/2"]
[WhiteElo "2400"]
[BlackElo "2400"]
[PlyCount "118"]
[EventDate "1995.10.??"]
[EventType "team"]
[EventRounds "15"]
[EventCountry "GER"]
[SourceTitle "Bundesliga 9596"]
[Source "DeepChess"]
[SourceDate "2005.01.01"]
[SourceVersion "1"]
[SourceVersionDate "2005.01.01"]
[SourceQuality "1"]
[WhiteTeam "Muenchener SC 1836 e.V."]
[BlackTeam "Delmenhorster SK 1931"]
[WhiteTeamCountry "GER"]
[BlackTeamCountry "GER"]

1. e4 e6 2. d4 d5 3. exd5 exd5 4. c4 Nf6 5. Nc3 Be7 6. Nf3 O-O 7. cxd5 Nbd7 8.
Bc4 Nb6 9. Bb3 Nbxd5 10. O-O Bg4 11. h3 Bh5 12. g4 Bg6 13. Ne5 c6 14. Re1 Bb4
15. Nxg6 fxg6 16. g5 Nh5 17. Nxd5 cxd5 18. Re5 Kh8 19. Qg4 Bd6 20. Rxd5 Qe7 21.
Bd2 Rae8 22. Rf1 Nf4 23. Bxf4 Rxf4 24. Qg2 Ref8 25. Bd1 Bc7 26. Bg4 Bb6 27. Re5
Qc7 28. Kh1 Bxd4 29. Re2 b6 30. Qd5 Rd8 31. Qe6 Bc5 32. f3 Rff8 33. Rfe1 Qf4
34. Qe5 Bd6 35. Qxf4 Bxf4 36. Re7 Bxg5 37. Rxa7 h5 38. Be6 Rxf3 39. Kg2 Rdf8
40. Re2 Bh4 41. Ra4 Rf2+ 42. Rxf2 Rxf2+ 43. Kg1 Bg3 44. Ra3 h4 45. Ra8+ Kh7 46.
b4 Rb2 47. a3 Kh6 48. Rf8 Re2 49. Bg4 Ra2 50. Rf3 Be5 51. Bd7 g5 52. Kf1 Bb2
53. Rd3 Be5 54. Re3 Bf6 55. Bg4 g6 56. Rd3 Be5 57. Re3 Bd4 58. Rd3 Be5 59. Re3
Bd4 1/2-1/2

[Event "Bundesliga 9596"]
[Site "Deutschland"]
[Date "1995.??.??"]
[Round "?.8"]
[White "Eichler, Christoph"]
[Black "Wesseln, Kai"]
[Result "1/2-1/2"]
[WhiteElo "2230"]
[BlackElo "2365"]
[PlyCount "39"]
[EventDate "1995.10.??"]
[EventType "team"]
[EventRounds "15"]
[EventCountry "GER"]
[SourceTitle "Bundesliga 9596"]
[Source "DeepChess"]
[SourceDate "2005.01.01"]
[SourceVersion "1"]
[SourceVersionDate "2005.01.01"]
[SourceQuality "1"]
[WhiteTeam "Muenchener SC 1836 e.V."]
[BlackTeam "Delmenhorster SK 1931"]
[WhiteTeamCountry "GER"]
[BlackTeamCountry "GER"]

1. e4 c5 2. Nf3 Nc6 3. d4 cxd4 4. Nxd4 g6 5. c4 Bg7 6. Be3 Nf6 7. Nc3 Ng4 8.
Qxg4 Nxd4 9. Qd1 e5 10. Bd3 O-O 11. O-O d6 12. Nd5 Be6 13. Qd2 Bxd5 14. cxd5
Qb6 15. Rac1 Rac8 16. Rxc8 Rxc8 17. Rc1 Rxc1+ 18. Qxc1 Qc5 19. Qxc5 dxc5 20.
Bxd4 1/2-1/2

[Event "Bundesliga 9596"]
[Site "Deutschland"]
[Date "1995.??.??"]
[Round "?.3"]
[White "Beckemeier, Werner"]
[Black "Unzicker, Wolfgang"]
[Result "1/2-1/2"]
[WhiteElo "2380"]
[BlackElo "2450"]
[PlyCount "37"]
[EventDate "1995.10.??"]
[EventType "team"]
[EventRounds "15"]
[EventCountry "GER"]
[SourceTitle "Bundesliga 9596"]
[Source "DeepChess"]
[SourceDate "2005.01.01"]
[SourceVersion "1"]
[SourceVersionDate "2005.01.01"]
[SourceQuality "1"]
[WhiteTeam "Delmenhorster SK 1931"]
[BlackTeam "PSV Turm Duisburg 1920 e.V."]
[WhiteTeamCountry "GER"]
[BlackTeamCountry "GER"]

1. e4 e5 2. Nf3 Nc6 3. Bb5 a6 4. Bxc6 dxc6 5. O-O Qd6 6. Na3 b5 7. c3 c5 8. Nc2
Bb7 9. d4 cxd4 10. cxd4 exd4 11. Nfxd4 Ne7 12. f3 c5 13. Nb3 Qc7 14. Qe1 Nc6
15. Be3 c4 16. Nc5 Nd4 17. Bxd4 Bxc5 18. Qe3 Bxd4 19. Nxd4 1/2-1/2

[Event "Bundesliga 9596"]
[Site "Deutschland"]
[Date "1995.??.??"]
[Round "?.4"]
[White "Keitlinghaus, Ludger"]
[Black "Hermann, Manfred"]
[Result "1-0"]
[WhiteElo "2500"]
[BlackElo "2385"]
[PlyCount "131"]
[EventDate "1995.10.??"]
[EventType "team"]
[EventRounds "15"]
[EventCountry "GER"]
[SourceTitle "Bundesliga 9596"]
[Source "DeepChess"]
[SourceDate "2005.01.01"]
[SourceVersion "1"]
[SourceVersionDate "2005.01.01"]
[SourceQuality "1"]
[WhiteTeam "PSV Turm Duisburg 1920 e.V."]
[BlackTeam "Delmenhorster SK 1931"]
[WhiteTeamCountry "GER"]
[BlackTeamCountry "GER"]

1. e4 e5 2. Nf3 Nc6 3. Nc3 Nf6 4. Bb5 Nd4 5. Bc4 Bc5 6. Nxe5 Qe7 7. Nd3 d5 8.
Nxd5 Qxe4+ 9. Ne3 Bd6 10. f3 Qh4+ 11. Nf2 O-O 12. g3 Qh5 13. g4 Qe5 14. c3 c5
15. cxd4 cxd4 16. Nd3 Qe7 17. Qe2 dxe3 18. dxe3 Be6 19. Bxe6 fxe6 20. Bd2 e5
21. e4 Nd7 22. O-O Rac8 23. Kg2 Qf7 24. Be3 a6 25. b3 Ba3 26. Bc1 Bd6 27. Be3
Ba3 28. Bc1 Bd6 29. Bb2 h5 30. Rad1 Rc6 31. h3 Rfc8 32. Rd2 Qe7 33. Rc1 hxg4
34. fxg4 Rxc1 35. Bxc1 Nf8 36. Rc2 Rd8 37. Ne1 Ne6 38. Nf3 Kh8 39. Qf2 Kg8 40.
Be3 Rf8 41. Qf1 Re8 42. Qc4 Kh8 43. Qd5 Kh7 44. Qxe6 Qxe6 45. Ng5+ Kg6 46. Nxe6
Rxe6 47. h4 Kh7 48. Rc8 g6 49. Bg5 Kg7 50. Kg3 Kf7 51. h5 gxh5 52. gxh5 b5 53.
Kg4 Bf8 54. Kf5 Rd6 55. Rc7+ Kg8 56. Ra7 Bg7 57. Ra8+ Kh7 58. Ra7 Kg8 59. b4
Rc6 60. a3 Bh6 61. Bf6 Be3 62. Ra8+ Kf7 63. Bxe5 Rh6 64. Rh8 Rxh8 65. Bxh8 Bc1
66. Bc3 1-0

[Event "Bundesliga 9596"]
[Site "Deutschland"]
[Date "1995.??.??"]
[Round "?.5"]
[White "Reefschlaeger, Helmut"]
[Black "Enders, Peter"]
[Result "0-1"]
[WhiteElo "2370"]
[BlackElo "2470"]
[PlyCount "70"]
[EventDate "1995.10.??"]
[EventType "team"]
[EventRounds "15"]
[EventCountry "GER"]
[SourceTitle "Bundesliga 9596"]
[Source "DeepChess"]
[SourceDate "2005.01.01"]
[SourceVersion "1"]
[SourceVersionDate "2005.01.01"]
[SourceQuality "1"]
[WhiteTeam "Delmenhorster SK 1931"]
[BlackTeam "PSV Turm Duisburg 1920 e.V."]
[WhiteTeamCountry "GER"]
[BlackTeamCountry "GER"]

1. e4 c5 2. f4 Nc6 3. Nf3 g6 4. d3 Bg7 5. g3 d6 6. Bg2 Nf6 7. O-O O-O 8. c3 Rb8
9. Re1 e5 10. a4 b6 11. Na3 Rb7 12. Nc4 Re7 13. Rf1 Ba6 14. f5 Ree8 15. fxg6
fxg6 16. Ne3 Kh8 17. Nd5 h6 18. Nh4 Kh7 19. Qe2 Ne7 20. c4 Bc8 21. Bd2 Nc6 22.
Bc3 Nd4 23. Bxd4 exd4 24. Qd2 Ng4 25. a5 Rxf1+ 26. Rxf1 Ne5 27. axb6 axb6 28.
Nf3 Ng4 29. Ra1 Bb7 30. Qf4 Bxd5 31. exd5 Ne3 32. Ra7 Re7 33. Qh4 Nf5 34. Ng5+
Kg8 35. Rxe7 Qxe7 0-1